000 00250nam a2200097Ia 4500
008 240331s9999 xx 000 0 und d
082 _bENV
100 _aBangaladesh Rural Social Science Network,. ed
245 0 _aEnvironment and development
942 _cL
999 _c1493
_d1493